Normal view
MARC view
- Urdu language — Analytical study
Entry Topical Term
001 - CONTROL NUMBER
- control field: 129686
003 - CONTROL NUMBER IDENTIFIER
- control field: NUST
005 - DATE AND TIME OF LATEST TRANSACTION
- control field: 20250711094938.0
008 - FIXED-LENGTH DATA ELEMENTS
- fixed length control field: 250711|| aca||aabn | a|a d
040 ## - CATALOGING SOURCE
- Original cataloging agency: NUST
- Transcribing agency: NUST
150 ## - HEADING--TOPICAL TERM
- Topical term or geographic name entry element: Urdu language — Analytical study
670 ## - SOURCE DATA FOUND
- Source citation: Work cat.: (NUST): Zaidi, Shamshad 129685, Urdu Zuban ka Lisaniati Tajziya /, 2019.
